Statistics for Italian Words #2

Click here to take the quiz!

General Stats

  • This quiz has been taken 650 times
  • The average score is 17 of 25

Answer Stats

ItalianEnglish% Correct
TelevisioneTelevision
98%
VinoWine
96%
RossoRed
92%
NotteNight
90%
PatataPotato
89%
ApeBee
88%
FotografiaPhotograph
88%
StatuaStatue
88%
StomacoStomach
88%
AnnoYear
86%
PomodoroTomato
84%
BirraBeer
82%
FeliceHappy
77%
BelloBeautiful
75%
OcchioEye
69%
EsercizioExercise
65%
PranzoLunch
61%
GinnastaGymnast
52%
LettoBed
51%
VespaWasp
37%
EsofagoEsophagus
33%
TempioTemple
31%
PavimentoFloor
26%
CetrioloCucumber
18%
TendaCurtain
13%

Score Distribution

Percentile by Number Answered

Percent of People with Each Score

Your Score History

You have not taken this quiz